| 000 | 00491cam a2200193ua 4500 | ||
|---|---|---|---|
| 001 | 6832 | ||
| 008 | 140220n ii |||gr||||Z||||||asm | ||
| 040 | _cMAIN | ||
| 082 | _a346.07 | ||
| 245 |
_aBanijyik ain _cBy Prafulla sharma kotoky |
||
| 250 | _a1st ed. | ||
| 260 |
_aGuwahati: _bPathyaputhi prastuti samanay samiti, _c1983. |
||
| 300 | _ax,743p. | ||
| 653 | _aPrivate law | ||
| 653 | _aBanijyik ain | ||
| 653 | _aCommerce | ||
| 700 |
_aKotoky,Prafulla sharma, _eAuthor., |
||
| 942 | _cBK | ||
| 999 |
_c5980 _d5980 |
||